Catálogo

CONOCER PARA EDUCAR : (Registro nro. 4861)

Detalles MARC
000 -LEADER
fixed length control field 00486nam a2200169 a 4500
001 - CONTROL NUMBER
control field 4861
005 - DATE AND TIME OF LATEST TRANSACTION
control field 20180713184725.0
008 - FIXED-LENGTH DATA ELEMENTS--GENERAL INFORMATION
fixed length control field 140415s1969 000 0 spa d
041 ## - LANGUAGE CODE
Language code of text/sound track or separate title spa
082 ## - DEWEY DECIMAL CLASSIFICATION NUMBER
Classification number 370.15
Item number KAM
100 1# - MAIN ENTRY--PERSONAL NAME
Personal name KAMPMANN, THEODERICH
245 10 - TITLE STATEMENT
Title CONOCER PARA EDUCAR :
Remainder of title FUNDAMENTACION PSICOLOGICA DE LA PEDAGOGIA: INFANCIA
260 ## - PUBLICATION, DISTRIBUTION, ETC.
Place of publication, distribution, etc. [s.l.] :
Name of publisher, distributor, etc. HERDER,
Date of publication, distribution, etc. 1969
300 ## - PHYSICAL DESCRIPTION
Extent 258
490 ## - SERIES STATEMENT
Series statement BIBLIOTECA HERDER
Volume/sequential designation 122
650 14 - SUBJECT ADDED ENTRY--TOPICAL TERM
Topical term or geographic name entry element FILOSOFIA EDUCATIVA
Existencias
Withdrawn status Lost status Source of classification or shelving scheme Damaged status Not for loan Collection code Home library Current library Shelving location Date acquired Source of acquisition Inventory number Total Checkouts Full call number Barcode Date last seen Price effective from Koha item type
    Dewey Decimal Classification     General Biblioteca Karol Wojtyla Biblioteca Karol Wojtyla Sala general 03/12/2013 Compra 151000000000000000043579   370.15 KAM 54213 05/01/2026 03/12/2013 Libro
  No inventariado Dewey Decimal Classification       Biblioteca Karol Wojtyla Biblioteca Karol Wojtyla   03/12/2013 Compra     370.15 KAM 16451   03/12/2013 Libro
  No inventariado Dewey Decimal Classification       Biblioteca Karol Wojtyla Biblioteca Karol Wojtyla   03/12/2013 Compra     370.15 KAM 5693   03/12/2013 Libro